Suomen kunnat, joiden nimessä on useampi A - Statistics

Yleistilastot
  • Tätä visaa on pelattu 179 kertaa
  • Keskiarvotulos 26 / 34
Vastaustilastot
Maakunta Kunta % Oikein
5 x A Ahvenanmaa Maarianhamina
98%
3 x A Etelä-Karjala Lappeenranta
90%
3 x A Pirkanmaa Akaa
86%
3 x A Pohjanmaa Vaasa
86%
3 x A Kainuu Kajaani
84%
3 x A Uusimaa Vantaa
84%
4 x A Kanta-Häme Janakkala
83%
4 x A Pirkanmaa Sastamala
83%
3 x A Pohjois-Pohjanmaa Alavieska
80%
4 x A Satakunta Harjavalta
80%
3 x A Päijät-Häme Asikkala
79%
3 x A Etelä-Karjala Parikkala
78%
4 x A Etelä-Karjala Taipalsaari
78%
3 x A Pohjois-Pohjanmaa Haapavesi
77%
4 x A Pirkanmaa Kangasala
77%
3 x A Satakunta Kankaanpää
77%
5 x A Pohjois-Savo Rautavaara
77%
3 x A Ahvenanmaa Hammarland
75%
3 x A Varsinais-Suomi Kaarina
75%
3 x A Pohjois-Pohjanmaa Haapajärvi
74%
3 x A Etelä-Pohjanmaa Kauhava
74%
3 x A Pohjois-Savo Rautalampi
74%
3 x A Pohjois-Pohjanmaa Vaala
74%
3 x A Keski-Suomi Hankasalmi
73%
3 x A Pohjanmaa Maalahti
73%
3 x A Varsinais-Suomi Naantali
72%
3 x A Keski-Suomi Laukaa
70%
3 x A Etelä-Karjala Savitaipale
68%
3 x A Pohjanmaa Pietarsaari
67%
3 x A Keski-Suomi Viitasaari
67%
3 x A Pohjanmaa Mustasaari
65%
3 x A Etelä-Savo Rantasalmi
64%
3 x A Varsinais-Suomi Taivassalo
64%
3 x A Pohjois-Pohjanmaa Siikalatva
59%
Ehtoja vastaavia visoja ei löytynyt
Tulosjakauma
Jokaisen tuloksen saaneiden osuus
Persentiili vastausten määrän mukaan
Tuloshistoriasi
Et ole pelannut tätä visaa